ARRUPE JESUIT UNIVERSITY

CORONAVIRUS -STOP THE SPREAD - CLEAN,DISINFECT,COVER

Rhodesia served the Queen; (Record no. 119119)

MARC details
000 -LEADER
fixed length control field 00882cam a2200265 4500
001 - CONTROL NUMBER
control field 296803
003 - CONTROL NUMBER IDENTIFIER
control field ARRUPE
005 - DATE AND TIME OF LATEST TRANSACTION
control field 20131205185519.0
008 - FIXED-LENGTH DATA ELEMENTS--GENERAL INFORMATION
fixed length control field 720815m19701975enka b 001 0 eng
010 ## - LIBRARY OF CONGRESS CONTROL NUMBER
LC control number 71298918
040 ## - CATALOGING SOURCE
Original cataloging agency DLC
Transcribing agency DLC
Modifying agency DLC
043 ## - GEOGRAPHIC AREA CODE
Geographic area code f-sa---
050 00 - LIBRARY OF CONGRESS CALL NUMBER
Classification number DT930
Item number .H5 1970
082 00 - DEWEY DECIMAL CLASSIFICATION NUMBER
Classification number 968/.2/04
300 ## - PHYSICAL DESCRIPTION
Other physical details illus.
Dimensions 26 cm.
100 1# - MAIN ENTRY--PERSONAL NAME
Personal name Hickman, A. S.
9 (RLIN) 5266
245 10 - TITLE STATEMENT
Title Rhodesia served the Queen;
Remainder of title Rhodesian forces in the Boer War, 1899-1902
Statement of responsibility, etc [by] A. S. Hickman.
260 ## - PUBLICATION, DISTRIBUTION, ETC. (IMPRINT)
Place of publication, distribution, etc Salisbury,
Name of publisher, distributor, etc Govt. Printer,
Date of publication, distribution, etc 1970-1975.
300 ## - PHYSICAL DESCRIPTION
Extent 2 v.
500 ## - GENERAL NOTE
General note Vol. 2 has title: From Mafeking until the end of the war on the 31st May, 1902.
500 ## - GENERAL NOTE
General note Includes index.
504 ## - BIBLIOGRAPHY, ETC. NOTE
Bibliography, etc Bibliography: v. 1, p. ix-x; v. 2, p. xi.
650 #0 - SUBJECT ADDED ENTRY--TOPICAL TERM
Topical term or geographic name as entry element South African War, 1899-1902.
9 (RLIN) 5267
906 ## - LOCAL DATA ELEMENT F, LDF (RLIN)
a 7
b cbc
c orignew
d 4
e ncip
f 19
g y-gencatlg
942 ## - ADDED ENTRY ELEMENTS (KOHA)
Source of classification or shelving scheme Library of Congress Classification
Koha item type Monograph ( Printed materials)
Holdings
Withdrawn status Lost status Source of classification or shelving scheme Damaged status Not for loan Home library Current library Shelving location Date acquired Total Checkouts Full call number Barcode Date last seen Copy number Price effective from Koha item type
    Library of Congress Classification     ARRUPE LIBRARY ARRUPE LIBRARY Main Collection 05/12/2013   SPCDT930 .H5 1970 464123173 05/12/2013 V.1 05/12/2013 SPC
    Library of Congress Classification     ARRUPE LIBRARY ARRUPE LIBRARY Main Collection 05/12/2013   SPCDT930 .H5 1970 464123174 05/12/2013 V.2 05/12/2013 SPC

 

Arrupe Library. PO Box MP320 Mt Pleasant, Harare, Zimbabwe
263 242 745411|librarian@aju.ac.zw